000 00774cam a22002411 4500
001 ne 66001082
003 DLC
005 20260227111824.0
008 811102s1965 iq ab b 000 0 arar
010 _ane 66001082
035 _a(OCoLC)7898936
040 _aDLC
_cTU
_dTU
_dOCoLC
_dDLC
042 _apremarc
050 0 0 _aDS76
_b.A65
100 1 _aAmīn, Ḥusayn.
245 1 0 _aTārīkh al-ʻIrāq fī al-ʻaṣr al-Saljūqī
_c[taʼlīf] Ḥusayn Amīn.
260 _a[Baghdād,
_bal-maktabah al-ahlīyah]
_c1965.
300 _a487 p.
_billus., maps.
_c25 cm.
500 _aAdded t.p.: History of ʻIraq in the Seljuqid era, by Husain Amin.
500 _aRisālat al-Ductorah- Jāmiʻat Baghdād.
504 _aBibliography: p. 431-453.
651 0 _aIraq
_xHistory.
999 _c48951
_d48951